000 00562nam a2200169 a 4500
001 BRCA_1865
005 20190320203600.0
008 090608s1988----mx-a---###---#000-0#spa-#
050 4 _aN6553
_b.D57 1988
245 1 0 _aDiseños ornamentales de México antiguo.
260 _aMéxico
_bGobierno del Estado de Puebla
_c1988
300 _a1 v. (sin paginación)
_bil.
_c40 cm.
500 _aCompuesto de 23 láminas numeradas
650 1 4 _aGrabado prehispánico (¨Pintadas¨)
_zMéxico
_95781
650 1 4 _aDiseños ideográficos
_zMesoamérica
_95782
942 _2lcc
_cB
999 _c1643
_d1643